000 01315nam a2200265Ia 4500
999 _c38567
_d38567
001 4683
003 GE_BSU
005 20190802114451.0
008 181216s2004||||ge |||||||||||||| ||geo||
020 _a9992809558
040 _cGE_BSU
041 _ageo
080 _a796.5(075.8) ბ–70
100 _aბირჟაკოვი, მიხეილ
_93370
245 _aტურიზმის თეორია :
_bსახელმძღვ. /
_cმიხეილ ბირჟაკოვი ; მთარგმნ.: მარინა მეტრეველი ; თბილისის კულტურისა და ხელოვნების უნივერსიტეტი.
264 _aთბილისი :
_bშპს "ფოტონი ;
_c2004.
300 _a270 გვ. ;
_c20 სმ.
504 _aბიბლიოგრ. : გვ. 256-264.
541 _h30 ლ.
653 _aტურიზმის თეორია
653 _aტურიზმი
700 _a მეტრეველი, მარინა
_eმთარგმნელი
_93371
710 _aთბილისის კულტურისა და ხელოვნების სახელმწიფო უნივერსიტეტი
_93372
942 _cBK
_2udc